000 00316nam a22001457a 4500
008 210607b ||||| |||| 00| 0 eng d
020 _a9780673396976
041 _aeng
080 _23rd
_a159.9
082 _a159.9
100 _a48
101 _aPSI
245 _aPsychology
_cHenry L. Roediger
942 _2udc
_cBK
999 _c58008
_d58008